• 首页
  • 本馆介绍
  • 公告通知
  • 最新文献
  • 馆藏检索
  • 电子资源
  • 读者导购
  • 参考咨询
  • 我的图书馆
  • 登录
  • 详细信息显示
  • 放入我的书架
  • 预约/预借图书
  • 作者相关作品
  • 分类相关作品
  • 丛书相关作品
  • 出版社相关作品

书目信息

  • 表格格式
  • 工作单格式
  • 卡片格式
题名:
小波分析理论及工程应用
    
 
作者: 谢成俊 著
分册:  
出版信息: 长春   东北师范大学出版社  2015
页数: 261页
开本: 21cm
丛书名: 北华大学文库
单 册:
中图分类: O174.22
科图分类:
主题词: 小波理论
电子资源:
ISBN: 978-7-5681-0330-5
000 00847oam2 2200265 450
001 012015000384
005 20150914153503.71
010    @a978-7-5681-0330-5@dCNY50.00
100    @a20150712d2015 em y0chiy50 ea
101 0  @achi
102    @aCN@b220000
105    @aa z 000yy
106    @ar
200 1  @a小波分析理论及工程应用@Axiao bo fen xi li lun ji gong cheng ying yong@f谢成俊著
205    @a2版
210    @a长春@c东北师范大学出版社@d2015
215    @a261页@c图@d21cm
225 2  @a北华大学文库
330    @a本书全面阐述了小波分析的基本概念和基本算法,介绍了小波分析在信号分析、图像压缩、模式识别、跟踪等图像分析中的应用。
461  0 @12001 @a北华大学文库
606 0  @a小波理论
690    @aO174.22@v5
701  0 @a谢成俊@Axie cheng jun@f(1962-)@4著
801  0 @aCN@b碧洲教育@c20150716
905    @a10447@f4@dO174.22@e203=2
    
    小波分析理论及工程应用/谢成俊著.-2版.-长春:东北师范大学出版社,2015
    261页:图;21cm.-(北华大学文库)
    
    
    ISBN 978-7-5681-0330-5:CNY50.00
    本书全面阐述了小波分析的基本概念和基本算法,介绍了小波分析在信号分析、图像压缩、模式识别、跟踪等图像分析中的应用。
●
相关链接 在E读中查询图书 在五车中查询图书 在当当中查询图书 在豆瓣中查询图书


正题名:小波分析理论及工程应用     索取号:O174.22/203=2         预约/预借

序号 登录号 条形码 馆藏地/架位号 状态 备注
1 0849508   208495083   第二样本阅览室/ [索取号:O174.22/203=2] 在馆    
2 0849509   208495092   第三借阅区/ [索取号:O174.22/203=2] 在馆    
3 0849510   208495109   第三借阅区/ [索取号:O174.22/203=2] 在馆    
4 0849511   208495118   数信系资料室/ [索取号:O174.22/203=2] 在馆    
唐山师范学院图书馆 欢迎您!
大连网信软件有限公司© 版权所有